Normal view
MARC view
Entry Nombre personal
001 - NÚMERO DE CONTROL
- campo de control: 952
003 - IDENTIFICADOR DE NÚMERO DE CONTROL
- campo de control: DLC
005 - FECHA Y HORA DE LA ÚLTIMA TRANSACCIÓN
- campo de control: 20260321112615.0
008 - ELEMENTOS DE DATO DE LONGITUD-FIJA
- campo de control de longitud fija: 801210n| azannaabn |a aaa
010 ## - NÚMERO DE CONTROL DE LA BIBLIOTECA DEL CONGRESO
- Número de control de LC: n 80159702
035 ## - NÚMERO DE CONTROL DEL SISTEMA
- Número de control de sistema: (OCoLC)oca00539559
040 ## - FUENTE DE CATALOGACIÓN
- Centro catalogador/agencia de origen: DLC
- Lengua de catalogación: eng
- Normas de descripción: rda
- Centro/agencia transcriptor: DLC
- Centro/agencia modificador: NjP
- Centro/agencia modificador: OCoLC
- Centro/agencia modificador: AgViUSA
- Centro/agencia modificador: CSt
- Centro/agencia modificador: UPB
046 ## - FECHAS CON CODIFICACIÓN ESPECIAL
- Fecha de nacimiento: 1942
- Fuente del esquema de fecha: edtf
100 1# - ENCABEZAMIENTO-NOMBRE DE PERSONA
- Nombre de persona: Sarlo, Beatriz
370 ## - LUGAR ASOCIADO
- Lugar de nacimiento: Buenos Aires (Argentina)
- Fuente del término: naf
377 ## - IDIOMA ASOCIADO
- Código del idioma: spa
378 ## - FORMA COMPLETA/DESARROLLADA DEL NOMBRE
- Forma completa/desarrollada del nombre: Sarlo Sabajanes
400 1# - TRAZADO DE VÉASE--NOMBRE DE PERSONA
- Nombre de persona: Sarlo Sabajanes, Beatriz
400 1# - TRAZADO DE VÉASE--NOMBRE DE PERSONA
- Nombre de persona: Sabajanes, Beatriz Sarlo
400 1# - TRAZADO DE VÉASE--NOMBRE DE PERSONA
- Nombre de persona: Sarlo, B.
- Forma completa/desarrollada del nombre: (Beatriz)
670 ## - FUENTE DE DATOS ENCONTRADOS
- Cita de la fuente: Author's Juan María Gutiérrez: historiador y crítico de nuestra literatura, 1967.
670 ## - FUENTE DE DATOS ENCONTRADOS
- Cita de la fuente: Altamirano, C. Ensayos argentinos, c1983:
- Información encontrada: t.p. (Beatriz Sarlo) spine (B. Sarlo)
670 ## - FUENTE DE DATOS ENCONTRADOS
- Cita de la fuente: Breve diccionario biográfico de autores argentinos desde 1940, c1999:
- Información encontrada: p.200 (Sarlo, Beatriz; b.1942 in Buenos Aires)